000 00354nam a2200133Ia 4500
008 240624s9999 xx 000 0 und d
041 _aeng
082 _a658.8 MCA
100 _aMCAULEY ANDREW
245 _aINTERNATIONAL MARKETING CONSUMING GLOBAL
260 _c2006
_aNew York
_bJohn Wiley and Sons
300 _ax, : 337 : p. : cm. ; 24
365 _c
_b25
999 _c4383
_d4383